00667nam a2200241 a 450000100060000000300080000600500170001400800390003102000340007002000150010403500190011904000370013804100080017508200200018310000210020324500600022425000120028426000350029630000300033135000110036150400320037265000210040437285BD-RjUL20211209052609.0141119s1972 enka b 001 0 eng a0713123605a0713123613 (pbk.) a0713124008 a(BD-RjUL)37388 aDLCcDLCdDLCdICUdBD-RjULbeng aeng00a591.5bMAI 19721 aManning, Aubrey.13aAn introduction to animal behaviour /c Aubrey Manning. a2nd ed. aLondon,bEdward Arnold,c1972. ax, 294 p.billus.c23 cm. a£3.80 aBibliography: p. [270]-289. 0aAnimal behavior.